000 00349nam a22001337a 4500
080 _a34 (038) F 391
100 _aFernández de León, Gonzalo
245 _aDiccionario Jurídico
250 _a2º edición
260 _aBuenos Aires
_bAbece
_c1961
650 _xdiccionario jurídico
_xtérminos jurídicos
945 _asa
_d2015-08-18
999 _c4109
_d234613
942 _6_